MDQL
is popping MORE tags! Check the
thread
!
Quizzes
Events
Quiz Creation
Community
Videos
Private Events
Remove Ads
Sign In
Join for FREE
Feedback
Dark Mode
Quiz Categories
Sports
Geography
Music
Movies
Television
Just For Fun
Miscellaneous
History
Literature
Language
Science
Gaming
Entertainment
Religion
Holiday
For Kids
Quiz Lab
Recent
Popular Today
Quiz Kudos Today
Editor Picks
Curator Picks
Quizzes by...
Day
Popularity
Type
Ratings
Length
Year
Community
Subscriptions
Recent Discussions
Orange Saloon
Badges
Playlists
Quests
Create
Leaderboards
Showdown
Live 5
Trivia Bingo
Activity
Puzzle Library
Sporcle Events
Private Events
Virtual Trivia
Globe League
Become a Host
Pub Owners
SporcleCon
Opinionation
Our Games
Videos
Blog
Mobile Apps
Partnerships
Remove Ads and Go Orange
Feedback
History
US Presidents
World Leaders
Politics
Nation
Discovery
War
Decade
Year
Century
Biography
Art
History
US Presidents
World Leaders
Politics
Nation
Discovery
War
Decade
Year
Century
Biography
Art
Random Quiz
Search Sporcle
×
Quiz Lab
Quiz Lab
History
US Presidents
Type in answers that appear in a list
Type in answers that appear in a list
Classic
Best Score? Go Orange.
Presidents' Wives Stats
Can you name the Presidents' Wives?
By
Meqh1313
10m
44 Questions
1,329 Plays
1,329 Plays
1,329 Plays
Comments
Comments
Give Quiz Kudos
Give Quiz Kudos
-
- Ratings
hide this ad
Forced Order
Answers have to be entered in order
Answers have to be entered in order
Random Order
Randomize order of answers
Randomize order of answers
Replay
Link that replays current quiz
Next Quiz
Link to next quiz in quiz playlist
You Got
0%
They Got
Avg Score
85%
Avg Friend Score
Upgrade to see
Score Distribution
Jump to the score distribution portion of the page
Score
0/44
Timer
10:00
0
Plays Today
First/Middle/Maiden names
% Correct
Hillary Rodham
Hillary Rodham Clinton
95.3%
Jacqueline Lee Bouvier
Jacqueline Lee Bouvier Kennedy
95%
Anna Eleanor Roosevelt
Anna Eleanor Roosevelt Roosevelt
95%
Mary Todd
Mary Todd Lincoln
94.7%
Claudia 'Lady Bird' Alta Taylor
Claudia 'Lady Bird' Alta Taylor Johnson
94.5%
Michelle Robinson
Michelle Robinson Obama
94.2%
Nancy Davis
Nancy Davis Reagan
94.1%
Martha Dandridge Custis
Martha Dandridge Custis Washington
94.1%
Barbara Pierce
Barbara Pierce Bush
94%
Laura Welch
Laura Welch Bush
94%
Dolley Payne Todd
Dolley Payne Todd Madison
93.7%
Rosalynn Smith
Rosalynn Smith Carter
93.7%
Marie 'Mamie' Geneva Doud
Marie 'Mamie' Geneva Doud Eisenhower
93%
Thelma 'Pat' Catherine Ryan
Thelma 'Pat' Catherine Ryan Nixon
93%
Elizabeth 'Betty' Anne Bloomer
Elizabeth 'Betty' Anne Bloomer Ford
91.6%
Abigail Smith
Abigail Smith Adams
91.3%
Elizabeth 'Bess' Virginia Wallace
Elizabeth 'Bess' Virginia Wallace Truman
90.7%
Julia Dent
Julia Dent Grant
87.2%
Lou Henry
Lou Henry Hoover
86.2%
Martha Wayles Skelton
Martha Wayles Skelton Jefferson
86.2%
Rachel Donelson Robards
Rachel Donelson Robards Jackson
86.1%
Lucy Ware Webb
Lucy Ware Webb Hayes
85.6%
First/Middle/Maiden names
% Correct
Edith Kermit Karow
Edith Kermit Karow Roosevelt
84.7%
Grace Goodhue
Grace Goodhue Coolidge
83.1%
Edith Bolling Galt
Edith Bolling Galt Wilson
82.9%
Ida Saxton
Ida Saxton McKinley
82.5%
Sarah Childress
Sarah Childress Polk
82.2%
Louisa Johnson
Louisa Johnson Adams
81.9%
Frances Folsom
Frances Folson Cleveland
81.7%
Florence Kling DeWolfe
Florence Kling DeWolfe Harding
81.6%
Helen Herron
Helen Herron Taft
81.5%
Letitia Christian
Letitia Christian Tyler
80.2%
Jane Means Appleton
Jane Means Appleton Pierce
79.7%
Caroline Lavinia Scott
Caroline Lavinia Scott Harrison
78.6%
Elizabeth Kortright
Elizabeth Kortright Monroe
77.4%
Anna Tuthill Symmes
Anna Tuthill Symmes Harrison
75.9%
Hannah Hoes
Hannah Hoes VanBuren
75.5%
Eliza McCardle
Eliza McCardle Johnson
75.2%
Margaret Mackall Smith
Margaret Mackall Smith Taylor
74.3%
Julia Gardiner
Julia Gardiner Tyler
73.6%
Ellen Louise Axson
Ellen Louise Axson Wilson
73.4%
Abigail Powers
Abigail Powers Fillmore
72.9%
Ellen Lewis Herndon
Ellen Lewis Herndon Arthur
72.1%
Lucretia Rudolph
Lucretia Rudolph Garfield
71.6%
Quiz Playlist
Details
Report
Send in Message
Add To Playlist
Classic:
Type in answers that appear in a list
Forced Order:
Answers have to be entered in order
Random Order:
Randomize order of answers
Last Updated: Feb 16, 2017
Quiz Scoreboard
CHALLENGE
Sign Up to Join the Scoreboard
Show All
Scores
Hide
Comments
May contain spoilers
Recently Published
5x2 Blitz: Bands
by SL_Kpop136
Music
30s
Colored Red Africa Blitz
by spor1
Geography
30s
Find the 'City' Movie
by crazypaving
Movies
60s
More to Explore
Quiz From the Vault
Featured Blog Post
14 Easter Pick-up Lines to Find Eggs With
hide this ad
You Might Also Like...
Tags
US Presidents Quiz
Wife
Today's Top Quizzes in History
Browse History
hide this ad
Today's Top Quizzes in US Presidents
Browse US Presidents
Top Contributed Quizzes in History
1
Popular People in 1991
2
US National Parks Named After People
3
Popular People in 1981
4
Popular People in 1951
5
Popular People in 1941
6
Complete a popular quote - Maya Angelou
7
Order Up: 1000 Years of World Events I
8
Popular People in 1986
9
Popular People in 1936
10
Popular People in 1926
Explore More
Trending Topics
Marvel
NBA
Harry Potter
Kpop
Disney
Crossword
Anime
Pokémon
Soccer
Country
NFL
WWE
Puzzle
Song
The Office
hide this ad
More By:
Meqh1313
Quiz
Plays
Rating
Category
Featured
Created
Presidents' Wives
1,329
1.00
History
Jul 25, 2010
Go to Creator's Profile
Score Distribution
Quiz Creator Spotlight
Meqh1313
Follow
Send a Message
Quizzes Created
-
Created Quiz Play Count
-
More By This Creator
Popular Quizzes Today
1
Find the 'City' Movie
2
5x2 Blitz: Bands
3
Colored Red Africa Blitz
4
The Countries of the World
5
Find the US States - No Outlines Minefield
6
Find the US States
7
9x9 Crossword: Cartoon Network
8
US States
More History Quizzes
Black US Senators
Published
Trending Quizzes
Colored Red Africa Blitz II
Colored Red Europe Blitz I
Colored Red Africa Blitz III
Colored Red Europe Blitz II
Colored Red Europe Blitz III
Recently Updated
Champions League XIs: Real Madrid
pecheneg
Largest US Cities 1790-2010
pecheneg
Rides in Walt Disney World
pecheneg
Most Oscar Losses (Acting)
pecheneg
Beyoncé Albums
pecheneg
Leaping Animals
pecheneg
Reality TV Shows (A-Z)
bhenderson79
Rickey Henderson's Hall of Fame Teammates
pecheneg
Champions League XIs: Arsenal
pecheneg
Quick Pick: Celebrities in WWE's Hall of Fame
aduchscher
Trending Topics
NBA
Kpop
Disney
Anime
Harry Potter
Marvel
Crossword
Song
Soccer
The Office
Country
NFL
Pokémon
Puzzle
WWE
Your Account Isn't Verified!
In order to create a playlist on Sporcle, you need to verify the email address you used during registration. Go to your
Sporcle Settings
to finish the process.
Report this User
Report this user for behavior that violates our
Community Guidelines
.
Details:
Send Report
Go to the Sporcle.com Mobile Site →
Comments